00504nam a2200193 a 4500001001300000003000900013005001700022008004100039020001000080082001700090100001800107245004500125260004600170300000900216500003500225505001000260650002200270700001800292nice12345678IN_TiNIC20260116012331.0050524s1991 alia grp 000 0 tel  ac10000a894.827bMAS aMastan, Shaik aMuslim Contribution to Telugu Literature aAligarhbAligarh Muslim University c1991 a350p aincludes index and biblioraphy2 aindex aTelugu Literature1 aMastan, Shaik